Biggest Cities that Start with I - Statistics

General Stats
  • This quiz has been taken 159 times
  • The average score is 5 of 7
Answer Stats
Clue Answer % Correct
Capital of Pakistan Islamabad
99%
Turkish city in the middle of Europe and Asia Istanbul
96%
3rd Largest City in Turkey Izmir
85%
3rd Largest Metropolitan City of South Korea Incheon
61%
(Again) 3rd Largest City of Nigeria after Lagos and Kano Ibadan
56%
3rd Largest City of Iran Isfahan
51%
West-Indian City known for its 7-story Rajwada Palace Indore
34%
No matching quizzes found
Score Distribution
Percent of People with Each Score
Percentile by Number Answered
Your Score History
You have not taken this quiz